000 00460cam a2200193ua 4500
001 3926
005 20260515113744.0
008 111209n ii |||gr||||Z||||||asm
040 _cMAIN
082 _a891.4511
100 1 _aHazarika, Atulchandra,
245 1 1 _aManmadhuri
_cby Atulchandra Hazarika
250 _a1st.
260 _aGuwahati:
_bJunaki Prakash,971.
300 _a188p:
_c23cm.
653 _aAssamese poem
653 _aManmadhuri
942 _cBK
999 _c3746
_d3746